|
|
|
|
| LEADER |
00000nam a22000007a 4500 |
| 005 |
20120423150440.0 |
| 007 |
cr|||| |||| |
| 008 |
120423s2010 pe |||||s|||| 00||0 spa d |
| 020 |
|
|
|a 978-612-4047-44-2
|
| 035 |
|
|
|a 6449
|
| 040 |
|
|
|a vLex
|
| 090 |
|
|
|c 3143
|d 3143
|
| 100 |
1 |
|
|a Aleinikoff, T. Alexander
|
| 245 |
1 |
3 |
|a El Derecho Constitucional en la era de la ponderacin̤
|h [Recurso electrn̤ico] /
|c T. Alexander Aleinikoff
|
| 256 |
|
|
|a Servicio en ln̕ea
|
| 260 |
|
|
|a Lima :
|b Palestra Editores,
|c 2010
|
| 300 |
|
|
|a 1 recurso electrn̤ico
|
| 506 |
1 |
|
|a Contenido solo disponible en los productos indicados
|d vLex Global
|d vLex Global (Academic Edition, excluding Law Schools)
|d vLex Global (U.S. Academic Edition, Law Schools)
|d vLex Global (U.S. Academic Edition, excluding Law Schools)
|d vLex Global (Academic Edition, Law Schools)
|
| 650 |
0 |
4 |
|a Derecho constitucional
|z Per︢
|
| 740 |
0 |
|
|a vLex Libros (Servicio en ln̕ea)
|
| 856 |
4 |
0 |
|u http://vlex.com/source/derecho-constitucional-era-ponderacion-6449
|z Acceso restringido
|
| 942 |
|
|
|c BOOK
|
| 999 |
0 |
|
|a Constitutional law
|